Composition finale LDC 2025 - Statistiques

Statistiques générales
  • Ce quiz a été pris 145 fois
  • Le résultat moyen est 24 sur 32
Statistiques - réponses
Club Poste Nationalité Réponse % Correct
PSG DD Maroc Achraf Hakimi
100%
PSG G Italie Gianluigi Donnarumma
100%
PSG BU France Ousmane Dembélé
98%
PSG DG Portugal Nuno Mendes
97%
PSG MC Portugal Joao Neves
96%
PSG MC Portugal Vitinha
96%
PSG DC Equateur Willian Pacho
96%
PSG AD France Désiré Doué
95%
PSG MC Espagne Fabian Ruiz
95%
PSG DC Brésil Marquinhos
94%
PSG Remplaçant 1 (AD) France Bradley Barcola
91%
PSG Remplaçant 3 (BU) Portugal Goncalo Ramos
89%
Inter G Suisse Yann Sommer
88%
Inter BU France Marcus Thuram
87%
Inter BU Argentine Lautaro Martínez
83%
Inter DD Pays-Bas Denzel Dumfries
80%
PSG Remplaçant 2 (DG) France Lucas Hernandez
80%
PSG Remplaçant 4 (MC) France Senny Mayulu
80%
Inter DC France Benjamin Pavard
78%
PSG Remplaçant 5 (MC) France Warren Zaïre-Emery
77%
Inter DG Italie Federico Di Marco
75%
Inter MC Italie Nicolo Barella
75%
PSG AG Géorgie Khvicha Kvaratskhelia
71%
Inter DC Italie Alessandro Bastoni
68%
Inter MC Turquie Hakan Çalhanoğlu
62%
Inter DC Italie Francesco Acerbi
60%
Inter MC Arménie Henrikh Mkhitaryan
51%
Inter Remplaçant 1 (DC) Allemagne Yann Aurel Bisseck
36%
Inter Remplaçant 4 (DG) Brésil Carlos Augusto
24%
Inter Remplaçant 3 (DD) Italie Matteo Darmian
20%
Inter Remplaçant 2 (MG) Pologne Nicola Zalewski
20%
Inter Remplaçant 5 (MC) Albanie Kristjan Asllani
13%
Aucun quiz correspondant
Distribution des résultats
% des personnes avec chaque résultat
Percentile par nombre de réponses
Votre historique - résultats
Vous n’avez pas pris ce quiz